| 000 | 00413nam a2200169Ia 4500 | ||
|---|---|---|---|
| 008 | 230711s9999||||xx |||||||||||||| ||und|| | ||
| 020 | _a978-81-265-2260-6 | ||
| 041 | _aENG | ||
| 082 |
_a539.7 _bKN-R |
||
| 100 | _aKnoll, Glenn F | ||
| 245 | 0 | _aRadiation detection and measurement | |
| 250 | _a3rd Ed. | ||
| 260 |
_c2012 _aNew Delhi _bWiley India Pvt.Ltd |
||
| 300 | _a802p. | ||
| 650 | _aPhysics | ||
| 942 | _cBK | ||
| 999 |
_c6159 _d6159 |
||